000 00335nam a2200145Ia 4500
008 090122s9999 xx 000 0 und d
082 _b8924
_a891.463
100 _aभावे
_bअपर्णा
245 _aधग
600 _aभावे
630 _aधग
700 _aभावे
730 _aधग
942 _cBOOK
999 _c33001
_d33001